000 00565nas a2200241 a 4500
001 11962
003 23438
005 20201118095426.0
008 ||||||n9999 ||| || ||
041 _aspa
082 _219
_a942
100 _aMacaulay, Lord
245 0 _aHistoria de la revolucion de inglaterra
260 _aEspaña :
_bLuis Navarro editor,
_c1982.
300 _a4v
490 _aBiblioteca clasica
562 _e0
650 _aEDAD MEDIA
650 _aINGLATERRA
650 _aREVOLUCIONES POLÍTICAS
942 _cBKM
942 _cBKM
999 _c11962
_d11962